Out of the box marketing : (Record no. 5671)

MARC details
000 -LEADER
fixed length control field 00594nam a22002052 4500
001 - CONTROL NUMBER
control field 0000002154
005 - DATE AND TIME OF LATEST TRANSACTION
control field 20151217151841.0
008 - FIXED-LENGTH DATA ELEMENTS--GENERAL INFORMATION
fixed length control field 070403s xx 000 0 eng d
020 ## - INTERNATIONAL STANDARD BOOK NUMBER
International Standard Book Number 1854183125 :
Terms of availability KES 1,598
040 ## - CATALOGING SOURCE
Original cataloging agency KABU
Transcribing agency KABU
050 #0 - LIBRARY OF CONGRESS CALL NUMBER
Classification number HF5415
Item number .A25
100 1# - MAIN ENTRY--PERSONAL NAME
Personal name Abingdon, David.
-- 0000151411
245 10 - TITLE STATEMENT
Title Out of the box marketing :
Remainder of title how to build a super-profitable business.
260 ## - PUBLICATION, DISTRIBUTION, ETC. (IMPRINT)
Place of publication, distribution, etc. London :
Name of publisher, distributor, etc. Thorogood,
Date of publication, distribution, etc. 2005.
300 ## - PHYSICAL DESCRIPTION
Extent x, 271 p.
650 #0 - SUBJECT ADDED ENTRY--TOPICAL TERM
Topical term or geographic name as entry element Marketing.
-- 0000151351
908 ## - PUT COMMAND PARAMETER (RLIN)
Put command parameter 070403
950 ## - LOCAL HOLDINGS (RLIN)
-- 1
Holdings
Withdrawn status Lost status Source of classification or shelving scheme Not for loan Home library Current library Date acquired Total Checkouts Full call number Barcode Date last seen Price effective from Koha item type
    Library of Congress Classification   Kabarak, Main Campus Kabarak, Main Campus 17/12/2015   HF5415 .A25 001768 17/12/2015 17/12/2015 General Collection
Designed with assistance from East African Informatics Ltd